Legislación básica de la función pública / [recopilación y comentarios: ] Jesús Fernández Jiménez ] Jesús Fernández Jiménez
ISBN:
84-7398-650-4
Descripción Física:
870 p. ; 21 cm
Otros Autores:
Fernández Jiménez, Jesús
MARC
| LEADER | 00000nam a2200000Ia 4500 | ||
|---|---|---|---|
| 001 | 14128 | ||
| 008 | 160829s1989 xx 000 0 cat d | ||
| 020 | |a 84-7398-650-4 | ||
| 080 | |a M-4-131 | ||
| 100 | |a Espanya. Lleis, etc. |9 23269 | ||
| 245 | |a Legislación básica de la función pública / [recopilación y comentarios: |b ] Jesús Fernández Jiménez | ||
| 260 | |a Madrid : |b Civitas, |c 1989 | ||
| 300 | |a 870 p. ; |c 21 cm | ||
| 590 | |a Taula cronològica. | ||
| 590 | |a Índex | ||
| 650 | 0 | |a Funció pública |x Dret i legislació |x Espanya |9 42023 | |
| 700 | 1 | |a Fernández Jiménez, Jesús |9 27747 | |
| 901 | |a Arxiu | ||
| 942 | |n 1 | ||
| 952 | |0 0 |1 0 |4 0 |6 M4131 |7 1 |9 44535 |a Arxiu |b Arxiu |d 2016-12-01 |l 0 |o M-4-131 |p 14128 |r 2016-12-01 00:00:00 |w 2016-12-01 |y ARXIU | ||
| 999 | |c 47116 |d 47116 | ||